ბათუმის შოთა რუსთაველის სახელმწიფო უნივერსიტეტის ბიბლიოთეკა

Курс математического анализа. ч.2 (ბიბ.ჩანაწერი № 48018)

000 -LEADER
fixed length control field 00578nam a2200217Ia 4500
001 - CONTROL NUMBER
control field 14898
003 - CONTROL NUMBER IDENTIFIER
control field GE_BSU
008 - FIXED-LENGTH DATA ELEMENTS--GENERAL INFORMATION
fixed length control field 181216s||||||||xx |||||||||||||| ||und||
040 ## - CATALOGING SOURCE
Transcribing agency GE_BSU
080 ## - UNIVERSAL DECIMAL CLASSIFICATION NUMBER
Universal Decimal Classification number 517(075.8)
100 ## - MAIN ENTRY--PERSONAL NAME
Personal name Бермант,А.Ф.
245 ## - TITLE STATEMENT
Title Курс математического анализа. ч.2
245 ## - TITLE STATEMENT
Statement of responsibility, etc. Ред.Л.Я.Цлаф
250 ## - EDITION STATEMENT
Edition statement 4-е изд.
260 ## - PUBLICATION, DISTRIBUTION, ETC.
Place of publication, distribution, etc. Москва
260 ## - PUBLICATION, DISTRIBUTION, ETC.
Name of publisher, distributor, etc. Наука
260 ## - PUBLICATION, DISTRIBUTION, ETC.
Date of publication, distribution, etc. 1951
300 ## - PHYSICAL DESCRIPTION
Extent 443стр.22см.
653 ## - INDEX TERM--UNCONTROLLED
Uncontrolled term Курс математического анализа
942 ## - ADDED ENTRY ELEMENTS (KOHA)
Koha item type წიგნი
ეგზემპლარები
Withdrawn status Lost status Damaged status Not for loan Date acquired Barcode Date last seen Price effective from Koha item type
        2018-12-17 17559 2018-12-17 2018-12-17 წიგნი